| 000 | 00583cam a22002291 4500 | ||
|---|---|---|---|
| 001 | sa 66001313 | ||
| 003 | DLC | ||
| 005 | 20260227112221.0 | ||
| 008 | 940816s1963 ii ac 000 0bbeno | ||
| 010 | _asa 66001313 | ||
| 025 | _aPL480:I-B-2084 | ||
| 035 | _a(OCoLC)30952965 | ||
| 040 |
_aDLC _cCU _dCU _dDLC |
||
| 042 | _apremarc | ||
| 050 | 0 | 0 |
_aBL1175.V5 _bG49 |
| 100 | 1 | _aGhosh, Anil Chandra. | |
| 245 | 1 | 0 | _aSvāmi Bibekānanda. |
| 260 | _c[1963?] | ||
| 300 |
_a25 p. _billus., col. ports. _c27 cm. |
||
| 500 | _aIn Bengali. | ||
| 600 | 1 | 0 |
_aVivekananda, Swami, _d1863-1902. |
| 999 |
_c67714 _d67714 |
||